000 00970nam a2200277 i 4500
003 DO-SdBNP
005 20260410093852.0
007 ta
008 260410b202? dr a|||| |||| 00| 0 spa d
020 _a9789945293920
040 _aDO-SdBNP
_bspa
_cBNPHU
_erda
041 _aspa
082 4 _axxx
_bxxx
_222
100 _aPortes Holguín, Yiselis,
_eautor
_4aut.
_989307
245 1 3 _aLa hora mágica /
_cYiselis Portes Holguín ; ilustraciones, María Camila Valencia ; colaboración, María del Carmen Sánchez
264 1 _aSanto Domingo :
_beditor no identificado,
_c202?
300 _a11 páginas :
_bilustraciones ;
_c19 cm.
336 _atexto
_btxt
_2rdacontent
337 _asin mediación
_bn
_2rdamedia
338 _avolumen
_bnc
_2rdacarrier
590 _aInventariado, 2026/BT
700 1 _aValencia, María del Carmen,
_eilustrador
_4il.
_989308
700 1 _aSánchez, María del Carmen,
_ecolaborador
_4col.
_989309
910 _aBtavárez
942 _2ddc
_cLF2
999 _c60534
_d60534